| 000 | 01406 a2200217 4500 | ||
|---|---|---|---|
| 003 | Nust | ||
| 005 | 20230214101820.0 | ||
| 010 | _a 98159476 | ||
| 020 | _a0195777271 | ||
| 040 | _cNust | ||
| 082 | 0 | 0 | _a954.9205,NIA |
| 100 | 1 |
_aNiazi, Amir Abdullah Khan. _9109041 |
|
| 245 | 1 | 4 |
_aThe betrayal of East Pakistan / _cA.A.K. Niazi. |
| 260 |
_aKarachi ; _aNew York : _bOxford University Press, _c1998. |
||
| 300 |
_axxxi, 321 p., [25] p. of plates : _bill., maps (some col.) ; _c23 cm. |
||
| 505 | _aEarly Years (Page-1), The 1965 War (Page-17), Events Leading to secession (Page-33) Commander Eastern Command (Page-48), Topography and Troop Development (Page-56), The Makati Bahni and our civil armed Forces (Page-69), Operational Plan (Page-80), War Clouds (Page-99),The Invasion (Page-117), The battle Sector wise (Page-137), Dismemberment of Pakistan (Page-174), Dismemberment of Pakistan (Page-174), Dkah Bawl Misconcepration and the India Plan (Page-196), Engineered Debacle (Page-232), Return to Pakistan (Page-244), Hamood Ur Rehman Commission (Page-252), Civilian Life (Page-266). | ||
| 650 | 0 |
_aIndia-Pakistan Conflict, 1971 _xPersonal narratives, Pakistani. _9109042 |
|
| 651 | 0 |
_aBangladesh _xHistory _yRevolution, 1971 _xPersonal narratives, Pakistani. _9109043 |
|
| 856 | 4 | 2 |
_3Publisher description _uhttp://www.loc.gov/catdir/enhancements/fy0605/98159476-d.html |
| 942 |
_2ddc _cBK _k954.9205,NIA |
||
| 999 |
_c186989 _d186989 |
||